000 00374pab a2200145 454500
008 180718b1999 xxu||||| |||| 00| 0 eng d
100 _aTripathy, Manas Ranjan
245 _aTagore and rural reconstruction - the Sriniketan experiment
260 _c1999
300 _ap.33-34
362 _aMay
650 _aRural development
773 _aSocial Welfare
909 _a40774
999 _c40774
_d40774